Catálogo
 En Linea

Homenajes y otros poemas / (Registro nro. 17542)

Detalles MARC
000 -CABECERA
campo de control de longitud fija 00603cam a2200181 a 4500
001 - NÚMERO DE CONTROL
campo de control 000018020
005 - FECHA Y HORA DE LA ÚLTIMA TRANSACCIÓN
campo de control 20200929165323.0
008 - DATOS DE LONGITUD FIJA--INFORMACIÓN GENERAL
campo de control de longitud fija 820309s1979 ho 000 p spa d
040 ## - FUENTE DE LA CATALOGACIÓN
Centro catalogador/agencia de origen DO-SdBNP
Lengua de catalogación spa
Centro/agencia transcriptor BNPHU
082 ## - NÚMERO DE LA CLASIFICACIÓN DECIMAL DEWEY
Número de clasificación xx
Número de documento/Ítem A729h
100 1# - ENTRADA PRINCIPAL--NOMBRE DE PERSONA
Nombre de persona Armijo, Roberto,
Fechas asociadas al nombre 1937-1997.
9 (RLIN) 39069
245 10 - MENCIÓN DE TÍTULO
Título Homenajes y otros poemas /
Mención de responsabilidad, etc. Roberto Armijo.
260 ## - PUBLICACIÓN, DISTRIBUCIÓN, ETC.
Lugar de publicación, distribución, etc. Tegucigalpa, Honduras :
Nombre del editor, distribuidor, etc. Universidad Nacional Autónoma de Honduras,
Fecha de publicación, distribución, etc. [1979].
300 ## - DESCRIPCIÓN FÍSICA
Extensión 88 p. :
Otras características físicas 21 cm.
650 #4 - PUNTO DE ACCESO ADICIONAL DE MATERIA--TÉRMINO DE MATERIA
Término de materia o nombre geográfico como elemento de entrada Prosa salvadoreña
9 (RLIN) 39070
650 #4 - PUNTO DE ACCESO ADICIONAL DE MATERIA--TÉRMINO DE MATERIA
Término de materia o nombre geográfico como elemento de entrada Poesía salvadoreña
9 (RLIN) 12306
650 #4 - PUNTO DE ACCESO ADICIONAL DE MATERIA--TÉRMINO DE MATERIA
Término de materia o nombre geográfico como elemento de entrada Literatura salvadoreña
Subdivisión cronológica SIGLO XX
9 (RLIN) 14369
Existencias
Estado de retiro Estado de pérdida Restricciones de uso No para préstamo Código de colección Localización permanente Ubicación/localización actual Ubicación en estantería Fecha de adquisición Número de inventario Total de préstamos Signatura topográfica completa Código de barras Fecha visto por última vez Precio válido a partir de Tipo de ítem Koha
        Monografías: Libros y Folletos General General En catalogación 09.04.2010 LF1   xx A729h 18020-10 25.06.2020 25.06.2020 Préstamo en sala

Con tecnología Koha